She's all that! : (Record no. 2814)

MARC details
000 -LEADER
fixed length control field 00848cam a2200253 a 4500
005 - DATE AND TIME OF LATEST TRANSACTION
control field 20240116094832.0
020 ## - INTERNATIONAL STANDARD BOOK NUMBER
International Standard Book Number 9781606310274
040 ## - CATALOGING SOURCE
Original cataloging agency DLC
Transcribing agency DLC
Language of cataloging eng
050 10 - LIBRARY OF CONGRESS CALL NUMBER
Classification number BL473.5
Item number .B79 2009
082 00 - DEWEY DECIMAL CLASSIFICATION NUMBER
Classification number 398/.4509495
Edition number 22
100 1# - MAIN ENTRY--PERSONAL NAME
Personal name Bryant, Megan E.
245 10 - TITLE STATEMENT
Title She's all that! :
Remainder of title a look-it-up guide to the goddesses of mythology /
Statement of responsibility, etc. Megan E. Bryant
260 ## - PUBLICATION, DISTRIBUTION, ETC.
Place of publication, distribution, etc. New York :
Name of publisher, distributor, etc. Scholastic,
Date of publication, distribution, etc. 2009
300 ## - PHYSICAL DESCRIPTION
Extent 128 pages :
Other physical details Color illustrations ; color genealogy table ;
Dimensions 23 cm
490 0# - SERIES STATEMENT
Series statement Mythlopedia
505 ## - FORMATTED CONTENTS NOTE
Formatted contents note Z
520 ## - SUMMARY, ETC.
Summary, etc. Presents a guide to Greek mythology, providing profiles of goddesses and the myths surrounding them.
521 ## - TARGET AUDIENCE NOTE
Target audience note 940
Source Lexile
521 ## - TARGET AUDIENCE NOTE
Target audience note Z
Source Raz-Plus
650 #0 - SUBJECT ADDED ENTRY--TOPICAL TERM
Topical term or geographic name entry element Goddesses
Form subdivision Dictionaries, Juvenile.
906 ## - LOCAL DATA ELEMENT F, LDF (RLIN)
a 7
b cbc
c orignew
d 1
e ecip
f 20
g y-gencatlg
942 ## - ADDED ENTRY ELEMENTS (KOHA)
Source of classification or shelving scheme Dewey Decimal Classification
Koha item type Books
Suppress in OPAC No
999 ## -
-- 2814
-- 2814
Holdings
Withdrawn status Lost status Source of classification or shelving scheme Damaged status Not for loan Collection Home library Current library Shelving location Date acquired Total Checkouts Full call number Barcode Date last seen Price effective from Koha item type
    Dewey Decimal Classification     Non-Fiction Footprints International School Library Network Toul Kork Campus Footprints International School Library Network Toul Kork Campus   01/16/2024   BRY 398/.4509495 BL473.5 FISSE00711 01/16/2024 01/16/2024 Books